Fifth Harmony Lyrics - Statistics

General Stats
  • This quiz has been taken 828 times
    720 since last reset
  • The average score is 19 of 40
Answer Stats
Lyric / Singer Answer % Correct
#1: (Electric City) Baby you're mine tonight Top Down
76%
#12: Can't start again, ain't no eraser Write On Me
70%
#7: We get crazy with it, we get stupid with it Me and My Girls
68%
#9: Turn the bed into an ocean Work From Home (ft. Ty Dolla $ign)
66%
#15: I wanna feel you under my body All In My Head (Flex) [ft. Fetty Wap]
65%
#8: Don't want your compliments, use common sense BO$$
64%
Who sings lyric #1? LAUREN
63%
#2: If it's true I might give it to you Worth It (ft. Kid Ink)
58%
Who sings lyric #2? DINAH
56%
#11: (Oh) I struggle to contain Sledgehammer
55%
Who sings lyric #7? LAUREN
54%
#18: I jumped the fence to the other side Miss Movin' On
54%
#14: Think I'm impressed, go ahead and flex Reflection
54%
Who sings lyric #3? CAMILA
53%
Who sings lyric #12? NORMANI
52%
Who sings lyric #9? ALLY
51%
#3: Dimming the light, here in the dark Squeeze
50%
Who sings lyric #8? NORMANI
49%
Who sings lyric #6? ALLY
47%
Who sings lyric #11? ALLY
47%
#17: You deserve your Hollywood star Brave, Honest, Beautiful
47%
Who sings lyric #15? LAUREN
47%
Who sings lyric #14? DINAH
45%
#6: But I'd rather pay to see the look on his face I'm In Love with A Monster
45%
#20: Ain't nothin', put your heart and your soul in it That's My Girl
43%
Who sings lyric #10? CAMILA
42%
Who sings lyric #4? DINAH
41%
Who sings lyric #18? DINAH
41%
#19: And I'm guilty, I said it so many times before I Lied
41%
Who sings lyric #5? NORMANI
41%
#13: I'm watching you with her, thinking I had you Better Together
40%
Who sings lyric #17? CAMILA
39%
Who sings lyric #13? CAMILA
38%
Who sings lyric #19? LAUREN
36%
Who sings lyric #20? NORMANI
36%
#10: You wanna touch it, you'll regret it Not That Kinda Girl
32%
Who sings lyric #16? ALLY
31%
#4: I just wished you'd love me, love me, baby Going Nowhere
27%
#5: Your name is written on my lips Like Mariah (ft. Tyga)
21%
#16: No one to blame but yourself Scared Of Happy
18%
No matching quizzes found
Score Distribution
Percent of People with Each Score
Percentile by Number Answered
Your Score History
You have not taken this quiz since the last reset